000 01214nam a22003257a 4500
003 CHAP
005 20220329135904.0
008 971013s1984 r 00010 d
010 _a43799
011 _a44771
035 _a48909
040 _cCHAP
082 _a972.083
_bT3
110 _aTabasco. Gobernador,
_d1982-1986. (González Pedrero)
_9111285
245 _aInforme de gobierno (2)
260 _aVillahermosa :
_bEl Gobierno,
_c1984?
300 _av.
505 _aContenido : v.1 Informe de gobierno .- v.2 Anexos estadísticos acciones terminadas .- v.3 Anexos estadísticos acciones en proceso
590 _aBATCH-UPD
_b10
_c20130110
_lUCH01
_h2205
590 _aBATCH-UPD
_b10
_c20130410
_lUCH01
_h1510
590 _aBATCH-UPD
_b10
_c20130914
_lUCH01
_h1701
590 _aCONVERSION
_b10
_c20130109
_lUCH01
_h1324
650 1 4 _aTabasco
_xPolítica y gobierno.
_9111283
700 0 _aGonzález Pedrero, Enrique.
_949274
901 _aBK
942 _cLIBRO
949 _a972.083 T3
_bBC
_cLIBRO
_d33724000141602
_eLIBRO
_fv.1
_h66330
_i48909
_si
949 _a972.083 T3
_bBC
_cLIBRO
_d33724000141669
_eLIBRO
_fv.2
_h66331
_i48909
_si
949 _a972.083 T3
_bBC
_cLIBRO
_d33724000141677
_eLIBRO
_fv.3
_h66332
_i48909
_si
999 _c43799
_d43799